000 01196nam0a22003011 4500
001 rc\4283779
005 20250919112507.0
021 _aRU
_b[64-60866]
035 _a(NLR Aleph) 008247807
090 _a8316607
_c8316607
100 _a20130416d1964 |||y0rusy50 ca
101 0 _arus
102 _aRU
105 _ay z |||a|
200 1 _aМаджнун и Лайли
_e[Поэма]
_fКрит. текст и предисл. Т.А. Магеррамова
_gАкад. наук СССР. Ин-т народов Азии
210 _aМосква
_cНаука
_d1964
215 _aXV, 308 с. староараб. паг.
_d27
225 1 _aПамятники литературы народов Востока
_eТексты
_iБольшая серия
_fАкад. наук АзССР. Ин-т востоковедения
_v7
300 _aПеред загл. авт.: Амир Хусрау Дихлавū
700 0 _aАмир Хосров Дехлеви
_f1253-1325
702 1 _aМагеррамов
_bТ. А.
_4080
801 0 _aRU
_bNLR
_gpsbo
801 1 _aRU
_bELAR
_2rusmarc
852 _aNLR
_bОЛСАА-перс
_j4-211
942 _cBOOK
980 1 _aPERS
980 _aNB